| 000 | 00000nam##2200000za#4500 |
| 001 | 9.615236 |
| 003 | CaOODSP |
| 005 | 20240527135427 |
| 007 | ta |
| 008 | 150406|1999||||xxc||||| f|0| 0 eng|d |
| 020 | |a0-662-28377-5 |
| 022 | |a0576-6370 |
| 040 | |aCaOODSP|beng |
| 043 | |an-cn--- |
| 086 | 1 |aCW69-1/101E |
| 110 | 2 |aCanadian Wildlife Service. |
| 245 | 10|aAssessment of bird populations in the Rasmussen Lowlands, Nunavut / |cby Victoria H. Johnston, Cheri L. Gratto-Trevor and Stephen T. Pepper. |
| 260 | |aOttawa - Ontario : |bEnvironment Canada. |c1999. |
| 300 | |a56p. : |bgraphs, maps, references, tables ; |c28 cm. |
| 490 | 1 |aOccasional paper - Canadian Wildlife Service|x0576-6370|v101 |
| 500 | |a"The main objective of our study was to assess the appropriateness of the Rasmussen Lowlands for protected status... Our study furnished up-to-date bird (especially shorebird) information... The final objective of the study was to attempt to identify migratory routes of shorebirds breeding in the Rasmussen Lowlands."--Introduction. |
| 520 | 3 |aThe main objective of our study was to assess the appropriateness of the Rasmussen Lowlands for protected status... Our study furnished up-to-date bird (especially shorebird) information... The final objective of the study was to attempt to identify migratory routes of shorebirds breeding in the Rasmussen Lowlands.--Introduction |
| 546 | |aRésumés en français |
| 563 | |aSoftcover |
| 590 | |a00-23|b2000-06-09 |
| 690 | 07|aBirds|2gcpds |
| 690 | 07|aHabitats|2gcpds |
| 690 | 07|aNature conservation|2gcpds |
| 720 | 1 |aGratto-Trevor, Cheri L. |
| 720 | 1 |aJohnston, Victoria H. |
| 720 | 1 |aPepper, Stephen T. |
| 776 | 0#|tAssessment of bird populations in the Rasmussen Lowlands, Nunavut / |w(CaOODSP)9.570064 |
| 830 | #0|aOccasional paper (Canadian Wildlife Service)|x0576-6370|v101|w(CaOODSP)9.514489 |